Juegos didácticos activos: jugar es la forma más eficaz y divertida de aprender
Saved in:
| Hovedforfatter: | |
|---|---|
| Format: | Bog |
| Sprog: | spansk |
| Udgivet: |
Córdoba
Brujas
2015
|
| Udgivelse: | 1a. ed |
| Fag: | |
| Tags: |
Tilføj Tag
Ingen Tags, Vær først til at tagge denne postø!
|
MARC
| LEADER | 00000cam a2200000 a 4500 | ||
|---|---|---|---|
| 001 | UCD3385 | ||
| 003 | CL-VaPUC | ||
| 008 | 160603e20150400ag |||||||||||||||||spa|d | ||
| 020 | |a 9789875914551 | ||
| 082 | 0 | 4 | |a 796.019 |b CRA |2 21 |
| 100 | 0 | |a Cratty, Bryant J |e author |9 586834 | |
| 245 | 1 | 0 | |a Juegos didácticos activos: jugar es la forma más eficaz y divertida de aprender |
| 250 | |a 1a. ed | ||
| 300 | |a 188 p | ||
| 942 | |c BK | ||
| 945 | |d 20160603 11:43:00 |a arojas | ||
| 260 | |a Córdoba |b Brujas |c 2015 | ||
| 650 | 0 | |a Juegos educativos |9 307366 | |
| 650 | 0 | |a Juegos infantiles |9 307365 | |
| 650 | 7 | |a JUEGOS ESCOLARES |2 CL-VaPUC |9 307368 | |
| 583 | |a last modification |c 20160603 11:43:00 |k Rodrigo Vera | ||
| 999 | |c 364421 |d 364419 | ||
| 952 | |0 0 |1 0 |3 erb |4 0 |6 796_019000000000000_CRA_2015 |7 0 |8 A |9 477595 |a BIBEDU |b BIBEDU |i 5289017 |o 796.019 CRA 2015 |p 5289017 |r 2019-11-24 |w 2019-11-24 |y BK |z Catalogado en:20160603 |k EDI | ||